[Event "Ulm/Neu Ulm-ch"]
[Site "Ulm/Neu Ulm"]
[Date "2017.11.17"]
[Round "5"]
[White "Gnandt, Michael"]
[Black "Borowsky, Bernd"]
[Result "1-0"]
[WhiteElo "1304"]
[BlackElo "1294"]
[PlyCount "89"]
[EventDate "2017.09.22"]
[EventType "swiss"]
[EventRounds "7"]
[EventCountry "GER"]
[SourceTitle "EXT 2019"]
[Source "ChessBase"]
[SourceDate "2018.10.10"]
[SourceVersion "1"]
[SourceVersionDate "2018.10.10"]
[SourceQuality "1"]

1. e4 e5 2. Nf3 Nc6 3. Bc4 Bc5 4. c3 Nf6 5. d3 0-0 6. Bg5 d6 7. 0-0 a6 8. Nbd2 Re8 9. Bd5 Be6 10. Nb3 Ba7 11. Bxe6 Rxe6 12. Bh4 h6 13. h3 Qd7 14. Nh2 Rae8 15. Kh1 Ne7 16. Bg3 Ng6 17. Qf3 c6 18. Rad1 Nh7 19. Ng4 Nf6 20. Ne3 Nh7 21. Nf5 Rf6 22. Qg4 Qe6 23. h4 Kh8 24. h5 Rg8 25. hxg6 Rxg6 26. Qh4 Nf6 27. f3 Rg5 28. Bh2 Rh5 29. Qe1 Nh7 30. d4 Qf6 31. g4 Rg5 32. dxe5 Qe6 33. Rxd6 Qc4 34. Qd1 Nf8 35. Qd3 Qa4 36. Ra1 Ne6 37. Rd7 h5 38. Rxb7 Bc5 39. Qd1 hxg4 40. Nxc5 Nxc5 41. Qxa4 Nxa4 42. Rg1 Nc5 43. Rxf7 Nd3 44. Rg2 Nxe5 45. Bxe5 1-0